Differential Equations in Si Metric Units / (Record no. 5096)
[ view plain ]
| 000 -LEADER | |
|---|---|
| fixed length control field | 00626nam a2200241 a 4500 |
| 001 - CONTROL NUMBER | |
| JCCL Control Number | 5096 |
| 003 - CONTROL NUMBER IDENTIFIER | |
| JCCL marc code | BD-JhCC |
| 005 - DATE AND TIME OF LATEST TRANSACTION | |
| control field | 20221201134023.0 |
| 008 - FIXED-LENGTH DATA ELEMENTS--GENERAL INFORMATION | |
| fixed length control field | 171209s1972 si |||| || | 001 0 eng d |
| 035 ## - SYSTEM CONTROL NUMBER | |
| system control number | (BD-JhCC)5096 |
| 040 ## - CATALOGING SOURCE | |
| Original cataloging agency | BD-JhCC |
| Modifying agency | BD-JhCC |
| 041 ## - LANGUAGE CODE | |
| Language code of Book | eng |
| 082 ## - DEWEY DECIMAL CLASSIFICATION NUMBER | |
| Classification number | 515.076 |
| Author mark and Year | AYR 1972 |
| 100 ## - MAIN ENTRY--PERSONAL NAME | |
| Personal name | Ayres, Frank |
| 245 ## - TITLE STATEMENT | |
| Title | Differential Equations in Si Metric Units / |
| Statement of responsibility, etc | Frank Ayres, |
| 260 ## - PUBLICATION, DISTRIBUTION, ETC. (IMPRINT) | |
| Place of publication, distribution, etc | Singapure : |
| Name of publisher, distributor, etc | Schaum's Outline Series, |
| Date of publication, distribution, etc | 1972 |
| 300 ## - PHYSICAL DESCRIPTION | |
| Pagination | 293 p. : |
| Dimensions | 23 cm. |
| 650 ## - SUBJECT ADDED ENTRY--TOPICAL TERM | |
| Topical term or geographic name as entry element | Calculus |
| 650 ## - SUBJECT ADDED ENTRY--TOPICAL TERM | |
| Topical term or geographic name as entry element | Differention Calculus |
| 700 ## - ADDED ENTRY--PERSONAL NAME | |
| Personal name | Ault, J C |
| 942 ## - ADDED ENTRY ELEMENTS (KOHA) | |
| Source of classification or shelving scheme | Dewey Decimal Classification |
| Koha item type | Books |
| Koha issues (borrowed), all copies | 2 |
| Source of classification or shelving scheme | Damaged status | Not for loan | Home library | Current library | Shelving location | Date of accession | Total Checkouts | Full call number | Barcode | Date last seen | Date checked out | Copy number | Koha item type |
|---|---|---|---|---|---|---|---|---|---|---|---|---|---|
| Dewey Decimal Classification | JCC Rouf Library | JCC Rouf Library | General Stacks | 12/09/2017 | 2 | 515.076 AYR 1972 | 6991 | 12/22/2022 | 11/30/2022 | C-1 | Books | ||
| Dewey Decimal Classification | JCC Rouf Library | JCC Rouf Library | General Stacks | 04/10/2019 | 1 | 515.076 AYR 1972 | 11855 | 02/07/2024 | 01/17/2024 | C-2 | Books |